| 000 | 00579nam a22001937i 4500 | ||
|---|---|---|---|
| 999 |
_c23207 _d23207 |
||
| 003 | AR-CdUCM | ||
| 008 | 250129b20202020 pe||||| |||| 00| 0 ec d | ||
| 020 | _a978-612-48157-8-2 | ||
| 040 |
_aMUNICIPALIDAD PROVINCIAL DEL CUSCO _cBIBLIOTECA MUNICIPAL DEL CUSCO |
||
| 041 | _hspa | ||
| 082 |
_a869.41 / V47R _bV47R |
||
| 100 |
_aVera Mendoza, Miluzka _950987 |
||
| 245 | _aRitos de Afrodita / | ||
| 260 |
_aLima : _bGaviota Azul Editores _c2020 |
||
| 300 |
_a171 páginas. : _c21x15 cm. |
||
| 505 | _aDiversidad de poesías | ||
| 942 |
_2ddc _cLIBROS |
||
| 945 |
_apbjr _d29-01-2025 |
||